Thewinningflash Quizzes 3 - Statistics

General Stats
  • This quiz has been taken 6 times
  • The average score is 6 of 10
Answer Stats
Question Answer % Correct
What season of the year is February in Winter
100%
What quiz is this 3
80%
What country’s capital is Ottowa Canada
80%
What season of the year is March in Spring
80%
What Sea is below Ukraine and above Turkey Black Sea
60%
How often is a leapyear Every 4 Years
60%
What Colour do men like but girls like it more Pink
60%
What roblox game is the backrooms game Apeirophobia
40%
What stumble guys skin do you get for being an influencer Influenzor
20%
What is the largest river in America Missouri River
20%
No matching quizzes found
Score Distribution
Percent of People with Each Score
Percentile by Number Answered
Your Score History
You have not taken this quiz